000 01059nab a22002297a 4500
999 _c5790
_d5790
003 OSt
005 20260106191914.0
008 190514b xxu||||| |||| 00| 0 spa d
040 _cPJ
100 _94225
_aPauletti, Ana Clara
245 1 0 _aCompetencia material de los Juzgados de Familia /
_cAna Clara Pauletti, Jorge L. Pontelli.
300 _ap. 11-23
505 _aSumario: I. Planteo: problemas en los límites difusos de la competencia material.— II. Competencia material: delimitación por el objeto litigioso para los casos de duda.— III. Fuero especial vs. fuero de atracción del sucesorio.— IV. Cierre.
505 _tSi te interesa el texto, comunicate a koha@justierradelfuego.gov.ar
650 0 _9967
_aDERECHO DE FAMILIA
650 0 _aPROCESOS DE FAMILIA
_93874
650 0 _aJUZGADO DE FAMILIA
_96696
650 0 _aCOMPETENCIA DE FAMILIA
_96697
700 _96698
_aPontelli, Jorge L.
_ecoautor
773 0 _02844
_93222
_dBuenos Aires : AbeledoPerrot, 1989-
_tDerecho de familia. N° 116 - Septiembre 2024
_z18511201
942 _2udc
_cANA